01606na a2200241 450000100060000000300080000600500170001400800410003102000150007203500100008704000250009708200220012211100510014424502030019526000650039830000290046349000740049250506200056665000470118665000370123365000470127065100470131713783MIRAKIL20181213154821.0160918b tu 000 0  a9751617650 a13783 aMilasbturcTR-AnCHP a323.44bT96b 2002 aTürk Kültürü KongresicAnkarad2002nV aV. Türk Kültürü KongresibCumhuriyetten günümüze Türk kültürünün dünü, bugünü ve geleceği, 17-21 Aralık, 2002, Ankarac[yay. haz. Azize Aktaş Yasa ...[ve öte.] aAnkara bAtatürk Kültür Merkezi Başkanlığıc2005 avi, 204 s. c24 sm. aAtatürk Yüksek Kurumu Atatürk Kültür Merkezi yayını v317 aCilt I. Dil.--Cilt II. Edebiyat.--Cilt III. Tarih, tarihçilik, tarih yazımı.--Cilt IV. Eğitim.--Cilt V. Felsefe-bilim.--Cilt VI. Din, inanç, laik düşünce.--Cilt VII. Demokrasi kültürü.--Cilt VIII. Mimarî ve çevre kültürü.--Cilt IX. Eski eserler ve müzecilik, kütüphanecilik, arşiv dokümantasyon.--Cilt X. Müzik kültürü.--Cilt XI. Sahne sanatları.--Cilt XII. Plâstik sanatlar.--Cilt XIII. El sanatları.--Cilt XIV. Beslenme kültürü.--Cilt XV. Gelenek-görenek, örf-âdet, giyim-kuşam.--Cilt XVI. Kitle iletişim, bilişim, medya, popüler kültür. aİslam ve devletxToplantılarzTürkiye aLaiklikxToplantılarzTürkiye aKültürxTarihyToplantılarzTürkiye aTürkiyexKültüryTarihyToplantılar